[Event "Uralsk-ch Men 2019"]
[Site "Khanty-Mansiysk"]
[Date "2019.03.20"]
[Round "9.3"]
[White "Pridorozhni, Aleksei"]
[Black "Popov, Mikhail"]
[Result "1-0"]
[WhiteElo "2593"]
[BlackElo "2381"]
[Annotator "TA"]
[PlyCount "119"]
[EventDate "2019.03.12"]
[EventType "swiss"]
[EventCountry "RUS"]
[SourceTitle "playchess.com"]
[Source "ChessBase"]
[SourceQuality "1"]

{[%evp 28,118,28,28,34,33,37,6,33,22,114,0,0,0,118,107,124,137,126,0,60,89,256,246,246,249,262,250,264,254,257,248,259,255,256,235,281,270,288,279,512,498,604,579,550,448,858,837,993,965,867,679,1862,1643,29966,29966,29968,29968,29968,1658,29970,29969,29970,29968,29973,29975,29975,29976,29976,29977,29975,29978,29978,29979,29978,29980,29980,29981,29985,29981,29981,29982,29979,29983,29983,29984,29996,29997,29997,29998,29998,29999,29999]} 1. e4 e6 2. d4 d5 3. Nc3 Bb4 4. e5 Ne7 5. a3 Bxc3+ 6. bxc3 c5 7. Qg4 Qc7 8. Qxg7 Rg8 9. Qxh7 cxd4 10. Ne2 Nbc6 11. f4 dxc3 12. Qd3 d4 13. Nxd4 Nxd4 14. Qxd4 Bd7 15. Rg1 Nf5 {C18: French: 3 Nc3 Bb4: Main line: 7 h4 and 7 Qg4} 16. Qf2 $1 Qc6 $1 17. g4 Qe4+ {The position is equal.} 18. Qe2 Qd4 (18... Qd5 $11 19. Bg2 Qc5) (18... Qd5 19. Bg2 Qc5 20. Qf2 Nd4 21. Be4 O-O-O 22. Be3 Bc6 23. Bd3 {½-½ (37) Vachier Lagrave,M (2775)-Radjabov,T (2731) Tbilisi 2015}) 19. Qf2 Qe4+ 20. Qe2 Qd4 21. Rg2 $1 Nh4 22. Rg3 $1 $36 {[%mdl 2048] Keeping Black busy.} Bc6 23. Rb1 ({White should play} 23. Be3 $16 Qe4 24. Qd3) 23... O-O-O {[#]} ({Better is} 23... Qd5 $1 $11) 24. Rb3 $146 ({Predecessor:} 24. Rb4 Qd5 25. Rc4 {1-0 (41) Kovchan,A (2562)-Willemze,T (2421) Groningen 2013}) 24... Rxg4 $2 (24... Kb8 $16) 25. Be3 $1 $18 {[%cal Re3d4]} (25. Qxg4 Nf3+ 26. Rxf3 Qd1+ 27. Kf2 Qxc2+ 28. Be2 Bxf3 $11) ({Worse is} 25. Rgxc3 Ng2+ 26. Bxg2 Rxg2 $11) 25... Rxg3 26. hxg3 ({Not} 26. Bxd4 Nf3+ 27. Kf2 Nxd4 $16) 26... Nf3+ {[#]} 27. Qxf3 $1 {[%mdl 512]} Bxf3 28. Bxd4 Rxd4 29. Rxc3+ {[%mdl 4096] Endgame KRB-KRB} Bc6 30. Bg2 Kc7 31. Ke2 Kb6 32. Bxc6 bxc6 {KR-KR} 33. Kf3 $1 c5 $2 (33... Rd8 {might work better.} 34. Rd3 Rf8) 34. Kg4 c4 35. Kg5 Kc5 36. Kf6 Rd7 (36... Rd2 $142 37. Kxf7 Rf2) 37. g4 Kd4 38. Rh3 Ke4 39. f5 exf5 40. gxf5 Rd2 41. e6 fxe6 42. fxe6 Rf2+ 43. Kg6 (43. Kg7 $142 Rg2+ 44. Kf8 Rf2+ 45. Ke8 Rxc2 46. e7 Re2 47. Kf7 Kd4 48. Rh2 $1 {[%mdl 576] Promotion}) 43... Rg2+ {[#]} 44. Kf7 $1 {White mates.} Rf2+ 45. Ke8 Rxc2 46. e7 Re2 47. Kd7 Kd4 48. e8=Q Rxe8 49. Kxe8 {KR-KPP} c3 50. a4 (50. Rh2 Kc4 $18) 50... c2 51. Rh1 a5 52. Kd7 Kc5 53. Ke6 Kb4 54. Kd5 Kxa4 55. Kc4 {[%cal Rh1a1]} Ka3 56. Kc3 {[%cal Rh1a1]} Ka2 57. Kxc2 a4 58. Rh3 a3 59. Rg3 Ka1 60. Rxa3# {Accuracy: White = 74%, Black = 22%.} 1-0

[Event "Uralsk-ch Men 2019"]
[Site "Khanty-Mansiysk"]
[Date "2019.03.20"]
[Round "9.4"]
[White "Bezgodov, Alexei"]
[Black "Radzhabov, Rodion"]
[Result "1-0"]
[WhiteElo "2464"]
[BlackElo "2366"]
[Annotator "TA"]
[PlyCount "81"]
[EventDate "2019.03.12"]
[EventType "swiss"]
[EventCountry "RUS"]
[SourceTitle "playchess.com"]
[Source "ChessBase"]
[SourceQuality "1"]

{[%evp 13,81,11,22,-18,82,78,77,71,117,47,40,-19,-14,-26,-32,-20,22,0,0,-32,120,120,120,111,146,135,219,208,201,201,195,124,120,104,212,196,205,205,208,206,260,266,277,267,257,227,249,228,218,214,230,217,221,202,193,208,217,203,449,452,501,8,496,496,485,477,29990,29991,29991,29992]} 1. e4 c5 2. Nf3 Nc6 3. d4 cxd4 4. Nxd4 Qc7 5. c4 Nf6 6. Nc3 Nxe4 7. Nxe4 Qe5 {LiveBook: 17 Games} 8. Bd3 {B32: Sicilian: Löwenthal and Kalashnikov Variations} (8. Be3 Qxe4 9. Nb5 Qe5 10. Qd2 a6 11. f4 Qb8 12. Nc3 e6 13. O-O-O b5 14. cxb5 axb5 15. Bxb5 Qc7 {1-0 (33) Ivanchuk,V (2739)-Movsesian,S (2628) Warsaw 2005 CBM 108 [Finkel,A]}) 8... Nxd4 (8... Qxd4 $11 {remains equal.} 9. O-O Nb4) 9. O-O $1 $16 Qc7 $146 ({Predecessor:} 9... e6 10. Bd2 f5 11. Ng5 Qf6 12. Bc3 Qxg5 13. Bxd4 Be7 14. c5 O-O 15. Re1 b6 16. cxb6 {½-½ (33) Iljiushenok,I (2314)-Matsenko,S (2447) Belgorod 2008}) 10. Re1 {[%mdl 1024] White is better. White has strong compensation.} e6 11. Qg4 (11. Bd2 $16) 11... f5 $14 {[#]} 12. Qh5+ ({White should try} 12. Nf6+ $1 $14 {[%mdl 512]} gxf6 13. Qxd4) 12... g6 $11 13. Nf6+ Kf7 $1 14. Qh4 $1 {Strongly threatening Nd5.} Be7 (14... Qd8 $5 {[%cal Rd8f6]} 15. Qxd4 Bg7 $11) 15. Bg5 h6 $1 {[%cal Rh6g5]} 16. Ne4 (16. Nd5 $5 {[%cal Rg5e7]} Bxg5 17. Qxd4 $14 (17. Nxc7 Bxh4 18. Nxa8 d6 $11)) 16... Bxg5 $2 (16... d6 $1 $15 17. Nxd6+ Bxd6) 17. Nxg5+ $16 Kg8 18. Nh3 $1 $36 {[%mdl 2048] Keeping Black busy.} Nc6 19. Qf6 Rh7 (19... d6 $16 {keeps fighting.}) 20. Qxg6+ $18 Rg7 21. Qxh6 Ne5 {[#]} 22. Qf4 (22. Qh5 $1 $18 {[%cal Rh5e8]} b5 23. Qe8+ Kh7 24. Bxf5+ (24. cxb5 Nf3+ 25. Kf1 Nxh2+ 26. Ke2 Bb7 $19) 24... exf5 25. Qxe5 (25. Rxe5 Rxg2+ 26. Kf1 Qxc4+ 27. Re2 Bb7 $16) 25... Qxe5 26. Rxe5) 22... d6 $16 23. Bf1 Rg4 (23... Nf7 $16 {is a better defense.}) 24. Qe3 $18 Qc6 {intending ...Nf3+.} 25. Kh1 Bd7 26. f3 Rg7 {[#]} 27. c5 $1 {[%mdl 512]} Ng6 (27... Qxc5 28. Qxc5) 28. cxd6 Qxd6 29. Rad1 Qb6 30. Qxb6 axb6 31. Bc4 {Hoping for Rxd7!} Nf8 32. Bb3 Ba4 33. Nf4 Bxb3 34. axb3 Ra2 35. Rd8 ({Don't take} 35. Nxe6 $6 Nxe6 36. Rxe6 Rxb2 $16) 35... Rxb2 $2 (35... Rd7 {was called for.} 36. Rxd7 (36. Nxe6 Rxd8 37. Nxd8 Rxb2 $16) 36... Nxd7) 36. Nxe6 Rgxg2 37. Rxf8+ Kh7 {[#]} 38. Nf4 $1 {[%cal Rf4g2]} Rxh2+ 39. Kg1 {Re7+ is the strong threat.} Rhf2 (39... Rhd2 $18 40. Rxf5 Kg7) 40. Re7+ Kh6 41. Rxf5 {Precision: White = 67%, Black = 44%.} 1-0

[Event "Uralsk-ch Men 2019"]
[Site "Khanty-Mansiysk"]
[Date "2019.03.20"]
[Round "9.5"]
[White "Remizov, Yaroslav"]
[Black "Aleksander, Gutenev"]
[Result "0-1"]
[WhiteElo "2389"]
[BlackElo "2452"]
[Annotator "TA"]
[PlyCount "56"]
[EventDate "2019.03.12"]
[EventType "swiss"]
[EventCountry "RUS"]
[SourceTitle "playchess.com"]
[Source "ChessBase"]
[SourceQuality "1"]

{[%evp 25,56,48,41,-52,-62,-90,-49,-58,-50,-66,-53,-61,-50,-54,-44,-67,-51,-49,-52,-68,-53,-66,-35,-93,-97,-568,-559,-558,-545,-587,-574,-834,-796]} 1. e4 c5 2. Nf3 Nc6 3. d4 cxd4 4. Nxd4 Nf6 5. Nc3 d6 6. Bg5 e6 7. Qd2 a6 8. O-O-O Bd7 9. f4 Be7 10. Nf3 b5 11. e5 b4 12. exf6 bxc3 13. Qxc3 gxf6 14. f5 {B68: Sicilian: Richter-Rauzer: 7...a6 8 0-0-0 Bd7 9 f4 Be7} ({White should play} 14. Bh4 $14) (14. Bh4 Rg8 15. Kb1 Rb8 16. Rg1 Qb6 17. Be2 f5 18. Bxe7 Kxe7 19. b3 Rgc8 20. Qg7 Nb4 21. Ng5 Be8 22. Nxh7 {½-½ (29) Volokitin,A (2634)-Salgado Lopez,I (2624) Germany 2018}) 14... e5 $15 15. Be3 d5 {...Nb4 is the strong threat.} 16. Rxd5 {Black is slightly better.} Nb4 {[%mdl 64] [#] Double Attack} 17. Bc4 {Strongly threatening Rd2.} Nxd5 $146 ({Predecessor:} 17... Rc8 18. Rxd7 Qxd7 19. Qb3 O-O 20. Bh6 Qxf5 21. Bxf8 Bxf8 {½-½ (31) Anand,V (2420)-Granda Zuniga,J (2475) Gausdal 1986}) 18. Bxd5 Rc8 19. Qb3 O-O $36 {[%mdl 2048] Black fights for an advantage.} 20. Rd1 $1 Qe8 {[#] Threatens to win with ...Ba4.} (20... Rb8 $5 {[%cal Rb8b3]} 21. Qc3 Qc8 22. Qxc8 Rbxc8 $15) 21. Qd3 {With the idea Bh6.} Kh8 22. Qxa6 Bxf5 23. Rd2 Bd7 24. Be4 (24. a3 $15) 24... Be6 $17 25. Nh4 $2 {[%mdl 8192]} (25. a3 $17 {is more resistant.}) 25... Rc4 $19 {Black is clearly winning.} 26. Bd5 Rxh4 27. Bc6 Qc8 28. Qa7 Bb4 {Accuracy: White = 19%, Black = 71%.} 0-1

[Event "Uralsk-ch Men 2019"]
[Site "Khanty-Mansiysk"]
[Date "2019.03.20"]
[Round "9.6"]
[White "Savitskiy, Sergey"]
[Black "Aleksander, Sergeyev"]
[Result "0-1"]
[WhiteElo "2401"]
[BlackElo "2397"]
[Annotator "TA"]
[PlyCount "92"]
[EventDate "2019.03.12"]
[EventType "swiss"]
[EventCountry "RUS"]
[SourceTitle "playchess.com"]
[Source "ChessBase"]
[SourceQuality "1"]

{[%evp 19,92,22,35,0,0,0,0,-22,-18,-10,-22,-15,-22,-22,0,0,111,-146,-144,-177,0,0,0,0,0,0,0,0,0,0,0,-131,0,-327,-347,-342,-306,-395,-298,-298,-293,-417,-410,-697,-682,-670,-643,-939,-936,-1079,-1047,-1005,-870,-843,-832,-783,-611,-980,-969,-999,-788,-788,-766,-758,-757,-785,-732,-677,-721,-1049,-864,-804,-788,-1017,-1066]} 1. e4 e6 2. Nc3 {[%cal Bb1c3,Bc3e2,Be2f4][%mdl 32]} d5 3. Nf3 Nf6 4. e5 Nfd7 5. Ne2 c5 6. c3 Nc6 7. d4 b5 8. a3 {C11: French: Classical System: 4 e5 and 4 Bg5 dxe4} a5 9. Nf4 Qb6 (9... b4 10. axb4 cxb4 11. h4 h6 12. Bd3 Ba6 13. Nxe6 fxe6 14. Bg6+ Ke7 15. Ng5 hxg5 16. Bxg5+ {1-0 (35) Dominguez Perez,L (2739)-Meier,G (2628) chess.com INT 2018}) 10. Be3 Ba6 {LiveBook: 3 Games} 11. Ng5 cxd4 12. cxd4 b4 $146 ({Predecessor:} 12... Be7 13. Ngxe6 fxe6 14. Nxe6 Bf8 15. Qg4 Ne7 16. Nxg7+ Bxg7 17. Qxg7 {1-0 (30) Delgado Ramirez,N (2623)-Rodrigues,E (2312) Florianopolis 2019}) 13. h4 bxa3 14. bxa3 {[#]} Bxa3 $1 {[%mdl 512]} 15. Bxa6 $1 (15. Rxa3 Qb4+) 15... Bb4+ 16. Kf1 $1 Qxa6+ 17. Kg1 Ne7 (17... Nf8 $11) 18. Qf3 $2 {[%mdl 8192] [#]} (18. Qh5 $1 $16 {[%cal Rh5f7]} g6 19. Qf3) 18... O-O $1 $17 19. g4 Ng6 $2 ({Black should try} 19... a4 $19 {Threatens to win with ...a3.} 20. Qd1 Rfb8) 20. Nxg6 $1 $11 fxg6 21. Qh3 $1 {Black must now prevent h5.} Be7 22. h5 Bxg5 23. hxg6 hxg6 {Strongly threatening ...Bxe3.} (23... h5 24. Qxh5 Bh6 25. Bxh6 Nxe5 26. dxe5 Rxf2 27. Bg5 Rf1+ 28. Rxf1 Qb6+ 29. Rf2) 24. Bxg5 Qe2 $1 $36 {[%csl Gf8][%cal Re2f2][%mdl 2048] Black is pushing.} 25. Rh2 (25. Qh7+ $1 $11 {was the only way to keep the balance.} Kf7 26. Ra3) 25... Rab8 ({Better is} 25... Qf3 $17 26. Qh4 Kf7) 26. f4 $2 {[%mdl 8192] [#]} (26. Bf6 $11 {and White has nothing to worry.} Kf7 27. Bxg7) 26... Qe4 $1 $19 {[%cal Re4d4]} 27. Rd1 Rb1 28. Rhd2 Rxd1+ 29. Rxd1 Nb6 30. Qg3 (30. Qd3 $142) 30... Nc4 31. Re1 (31. Qd3 $142 Qxd3 32. Rxd3) 31... Qxd4+ {Black is clearly winning.} 32. Kh1 Nd2 33. f5 Ne4 34. Qh4 gxf5 {And now ...f4 would win.} 35. Be3 Qxe5 36. g5 g6 37. Bf4 Qg7 38. Rb1 e5 39. Bc1 Qh8 40. Qxh8+ Kxh8 {[%mdl 4096] Endgame KRB-KRN} 41. Rb5 Rd8 42. Bb2 Nf2+ 43. Kg2 Nd3 44. Ba3 e4 45. Be7 Rd7 46. Rb8+ Kg7 {Precision: White = 29%, Black = 70%.} 0-1